[Event "IV Trofeo Giovanni Pico"]
[Site "Mirandola ITA"]
[Date "2011.01.15"]
[Round "3"]
[White "Rosmini, Edward"]
[Black "Guaragno, Michele"]
[Result "1/2-1/2"]
[WhiteElo "1873"]
[BlackElo "1965"]
[PlyCount "84"]
[EventDate "2011.01.14"]

1. d4 d5 2. c4 c6 3. Nc3 Nf6 4. Nf3 h6 5. h3 e6 6. a3 Bd6 7. c5 Bc7 8. Qc2 Nbd7
9. b4 a6 10. Bb2 e5 11. e3 e4 12. Nd2 O-O 13. Be2 Nh7 14. a4 Qg5 15. g3 Qf6 16.
a5 Ng5 17. h4 Nh7 18. Bg4 Re8 19. Bh3 Ndf8 20. Bxc8 Raxc8 21. Ne2 Qf5 22. f3
Qg6 23. f4 Nf6 24. Nf1 Ng4 25. Bc1 Nh7 26. Ng1 Nhf6 27. Qg2 Nh5 28. Nh3 f5 29.
Nf2 Nhf6 30. Nxg4 Nxg4 31. Nh2 h5 32. Nxg4 Qxg4 33. O-O Re6 34. Kh2 Rg6 35. Ra2
Re8 36. Qh3 Qxh3+ 37. Kxh3 Ree6 38. Bd2 Bd8 39. Rc1 Kh7 40. Be1 Bc7 41. Rb2 Bd8
42. Rcb1 Re7 1/2-1/2

[Event "IV Trofeo Giovanni Pico"]
[Site "Mirandola ITA"]
[Date "2011.01.15"]
[Round "3"]
[White "Dionigi, Riccardo"]
[Black "Ricci, Alfredo"]
[Result "1-0"]
[WhiteElo "1818"]
[BlackElo "1964"]
[PlyCount "79"]
[EventDate "2011.01.14"]

1. d4 c5 2. d5 Nf6 3. Nc3 g6 4. e4 d6 5. Bb5+ Nbd7 6. f4 a6 7. Bxd7+ Nxd7 8. a4
Bg7 9. Nf3 O-O 10. O-O Qc7 11. Be3 b6 12. Qd2 Rb8 13. f5 b5 14. axb5 axb5 15.
Bh6 Nf6 16. Bxg7 Kxg7 17. Qf4 b4 18. Ne2 Bd7 19. g4 Ng8 20. Ng3 f6 21. g5 fxg5
22. Qxg5 Nf6 23. Nh4 Be8 24. fxg6 Bxg6 25. Nxg6 hxg6 26. Nf5+ Kf7 27. Nh6+ Kg7
28. Rae1 Nh7 29. Qh4 Nf6 30. Qg5 Nh7 31. Qh4 Rxf1+ 32. Rxf1 Rf8 33. Rxf8 Nxf8
34. Qf4 e5 35. Qg5 c4 36. Ng4 Qf7 37. Ne3 c3 38. bxc3 bxc3 39. Nf5+ Kh7 40.
Qh4+ 1-0

[Event "IV Trofeo Giovanni Pico"]
[Site "Mirandola ITA"]
[Date "2011.01.15"]
[Round "3"]
[White "Coqueraut, Jean Dominique"]
[Black "Setti, Roberto"]
[Result "1-0"]
[WhiteElo "1815"]
[BlackElo "1939"]
[PlyCount "97"]
[EventDate "2011.01.14"]

1. d4 e6 2. c4 f5 3. Nf3 Nf6 4. g3 Bb4+ 5. Nbd2 b6 6. a3 Bxd2+ 7. Bxd2 Bb7 8.
Bg2 O-O 9. O-O d6 10. Rc1 Nbd7 11. b4 Ne4 12. Be3 a5 13. c5 Ndf6 14. c6 Ba6 15.
Qb3 Qe8 16. b5 Bc8 17. a4 Kh8 18. Ne1 Qh5 19. Bf3 Ng4 20. Bxg4 fxg4 21. Ng2 e5
22. dxe5 Qxe5 23. Qd3 Bf5 24. Bd4 Qe7 25. Qe3 Rae8 26. Nf4 Qf7 27. Rfd1 Ng5 28.
Qd2 Nh3+ 29. Nxh3 gxh3 30. f3 Be6 31. Re1 Bb3 32. Ra1 Re7 33. Qc3 Rfe8 34. e4
Kg8 35. Re3 Bc4 36. Rc1 d5 37. e5 Qe6 38. Rd1 Rf7 39. f4 h5 40. Qd2 g5 41. Rf3
Ref8 42. Qf2 gxf4 43. gxf4 Kh7 44. Kh1 Qf5 45. e6 Re7 46. Rg1 Qxe6 47. Qh4 Ref7
48. Qxh5+ Qh6 49. Qxh6+ 1-0

[Event "IV Trofeo Giovanni Pico"]
[Site "Mirandola ITA"]
[Date "2011.01.15"]
[Round "3"]
[White "Modena, Giorgio"]
[Black "Solinas, Roberto"]
[Result "1-0"]
[WhiteElo "1938"]
[BlackElo "1740"]
[PlyCount "145"]
[EventDate "2011.01.14"]

1. e4 c6 2. d4 d5 3. exd5 cxd5 4. Bd3 Nc6 5. c3 Nf6 6. Nf3 Bg4 7. O-O e6 8. Bf4
Bd6 9. Bxd6 Qxd6 10. Nbd2 O-O 11. Qe1 Qf4 12. Qe3 Qxe3 13. fxe3 Bf5 14. Bxf5
exf5 15. c4 g6 16. cxd5 Nxd5 17. e4 fxe4 18. Nxe4 Rad8 19. Rac1 Rfe8 20. Rfe1
Kg7 21. a3 Nf4 22. Rcd1 b6 23. g3 Nd5 24. Kf2 h6 25. Re2 f5 26. Nc3 Rxe2+ 27.
Nxe2 Kf6 28. Ne1 g5 29. Nc2 Nce7 30. Ne3 Rc8 31. Rc1 Rxc1 32. Nxc1 Nxe3 33.
Kxe3 Nd5+ 34. Kd3 h5 35. Ne2 h4 36. gxh4 gxh4 37. Nc3 Ke6 38. Ke2 a6 39. Kf3 b5
40. h3 Nb6 41. b3 Nd5 42. Ne2 a5 43. a4 b4 44. Ng1 Nc3 45. Ke3 Nd5+ 46. Kd3 Kf6
47. Nf3 Nf4+ 48. Kc4 Nxh3 49. Kb5 f4 50. Nxh4 Kg5 51. Nf3+ Kf5 52. Kxa5 Ke4 53.
Nh4 Kxd4 54. Kxb4 Ng5 55. a5 Kd5 56. Kb5 Ne4 57. a6 Nd6+ 58. Kb6 Nc8+ 59. Kc7
Nd6 60. b4 Nb5+ 61. Kb6 Kc4 62. Ka5 Na7 63. Nf3 Nc6+ 64. Kb6 Nxb4 65. a7 Nd5+
66. Kb7 Kd3 67. a8=Q Ke4 68. Nh4 f3 69. Qf8 Nf4 70. Qe8+ Kd3 71. Nxf3 Nd5 72.
Qd7 Ke4 73. Qe6+ 1-0

[Event "IV Trofeo Giovanni Pico"]
[Site "Mirandola ITA"]
[Date "2011.01.15"]
[Round "3"]
[White "Caldonazzo, Matteo"]
[Black "Pomante, Sergio"]
[Result "1-0"]
[WhiteElo "1914"]
[BlackElo "1644"]
[PlyCount "45"]
[EventDate "2011.01.14"]

1. Nf3 Nf6 2. d4 d5 3. e3 e6 4. Bd3 c5 5. b3 Nc6 6. O-O cxd4 7. exd4 Bd6 8. Bb2
O-O 9. a3 Qc7 10. Re1 Re8 11. Ne5 Nd7 12. Bxh7+ Kf8 13. f4 g6 14. Bxg6 fxg6 15.
Nxg6+ Kf7 16. Qh5 Kg7 17. Ne5 Ndxe5 18. fxe5 Bf8 19. Re3 Kg8 20. Rg3+ Bg7 21.
Qxe8+ Kh7 22. Rh3+ Bh6 23. Bc1 1-0

[Event "IV Trofeo Giovanni Pico"]
[Site "Mirandola ITA"]
[Date "2011.01.15"]
[Round "3"]
[White "Gabbriellini, Gianfranco"]
[Black "Guglielmi, Dante"]
[Result "0-1"]
[WhiteElo "1527"]
[BlackElo "1911"]
[PlyCount "74"]
[EventDate "2011.01.14"]

1. d4 d5 2. Nf3 Nf6 3. Bf4 c5 4. Nbd2 e6 5. e3 Be7 6. c3 O-O 7. Bd3 b6 8. O-O
Nbd7 9. h3 Bb7 10. Ne5 Ne4 11. Nxe4 dxe4 12. Bc4 Nf6 13. Rc1 Nd5 14. Bh2 f6 15.
Ng4 h5 16. Nxf6+ Bxf6 17. Qxh5 Qe8 18. Qxe8 Rfxe8 19. dxc5 bxc5 20. Bd6 Rac8
21. Bh2 Bd8 22. Bb5 Bc6 23. Ba6 Ra8 24. c4 Nc7 25. Bb5 Nxb5 26. cxb5 Bxb5 27.
Rfd1 Rc8 28. b3 Bb6 29. a4 Bd3 30. g4 c4 31. b4 c3 32. Be5 c2 33. Rd2 Bc7 34.
Bb2 Bd6 35. Ba3 Rc4 36. f3 Bxb4 37. Bxb4 Rxb4 0-1

[Event "IV Trofeo Giovanni Pico"]
[Site "Mirandola ITA"]
[Date "2011.01.15"]
[Round "3"]
[White "Sasdelli, Massimo"]
[Black "Ballista, Massimiliano"]
[Result "1-0"]
[WhiteElo "1897"]
[BlackElo "1611"]
[PlyCount "57"]
[EventDate "2011.01.14"]

1. d4 d5 2. c4 c6 3. Nc3 Nf6 4. Nf3 e6 5. e3 Nbd7 6. a3 Bd6 7. Bd3 O-O 8. Qc2
h6 9. e4 dxe4 10. Nxe4 Nxe4 11. Bxe4 Re8 12. O-O e5 13. Rd1 Qe7 14. Re1 Qd8 15.
c5 Bc7 16. b4 a6 17. Bb2 exd4 18. Bh7+ Kh8 19. Rxe8+ Qxe8 20. Re1 Qf8 21. Bxd4
Nb8 22. Bf5 Bxf5 23. Qxf5 Kg8 24. Re4 f6 25. Nh4 Qf7 26. Qc8+ Kh7 27. Re8 g5
28. Rh8+ Kg7 29. Nf5+ 1-0

[Event "IV Trofeo Giovanni Pico"]
[Site "Mirandola ITA"]
[Date "2011.01.15"]
[Round "3"]
[White "Minelli, Giancarlo"]
[Black "Pinna, Ferdinando"]
[Result "0-1"]
[WhiteElo "1401"]
[BlackElo "1889"]
[PlyCount "94"]
[EventDate "2011.01.14"]

1. e4 c5 2. Bc4 e6 3. e5 d5 4. exd6 Bxd6 5. Nf3 Nc6 6. c3 Nf6 7. O-O O-O 8. Re1
Qc7 9. d4 cxd4 10. cxd4 Nb4 11. b3 b5 12. Bd3 Bb7 13. Na3 Qc3 14. Nxb5 Bxh2+
15. Nxh2 Qxa1 16. Ba3 Qxd1 17. Rxd1 a5 18. Nd6 Bd5 19. Bc4 Rfd8 20. Bxd5 exd5
21. Nf5 Re8 22. Nf3 g6 23. Ne3 Rac8 24. Rd2 Ne4 25. Re2 Nc3 26. Re1 Ncxa2 27.
Kf1 Nc3 28. Bxb4 axb4 29. Ne5 f6 30. Nd3 Re4 31. Nc2 Rxe1+ 32. Kxe1 Re8+ 33.
Ne3 Nb5 34. Nxb4 Nxd4 35. Nbxd5 Kf7 36. b4 Nc2+ 37. Kd2 Nxe3 38. Nxe3 Re4 39.
Kc3 Ke6 40. Nc4 Kd5 41. Na5 Re2 42. Nb3 Rxf2 43. b5 Rxg2 44. Kb4 Rb2 45. Kc3
Rxb3+ 46. Kxb3 Kc5 47. Ka4 Kb6 0-1

[Event "IV Trofeo Giovanni Pico"]
[Site "Mirandola ITA"]
[Date "2011.01.15"]
[Round "3"]
[White "Porpora, Ivano"]
[Black "Molinari, Enzo"]
[Result "0-1"]
[WhiteElo "1884"]
[BlackElo "1491"]
[PlyCount "72"]
[EventDate "2011.01.14"]

1. e4 c5 2. Nf3 d6 3. d4 cxd4 4. Nxd4 Nf6 5. Nc3 a6 6. Be2 e6 7. O-O Be7 8. Be3
b5 9. a3 Bb7 10. f4 Bxe4 11. Nxe4 Nxe4 12. Bf3 d5 13. Bxe4 dxe4 14. Qh5 O-O 15.
Qe5 Qd5 16. Qc7 Bf6 17. Rad1 Qc4 18. Qxc4 bxc4 19. f5 e5 20. Ne2 Nc6 21. Ng3
Nd4 22. Nxe4 Nxc2 23. Nxf6+ gxf6 24. Bh6 Rfd8 25. Rc1 Nd4 26. Rxc4 Rac8 27. Ra4
Rc6 28. Kh1 Kh8 29. Rd1 Rcd6 30. Be3 Nxf5 31. Rxd6 Rxd6 32. Bg1 Nd4 33. Bxd4
exd4 34. Rc4 d3 35. Rc1 d2 36. Rd1 Re6 0-1

[Event "IV Trofeo Giovanni Pico"]
[Site "Mirandola ITA"]
[Date "2011.01.15"]
[Round "3"]
[White "Dorati, Giuseppe"]
[Black "Raisi, Michele"]
[Result "1-0"]
[WhiteElo "1811"]
[BlackElo "1525"]
[PlyCount "29"]
[EventDate "2011.01.14"]

1. e4 e5 2. Nf3 Nc6 3. Bb5 a6 4. Ba4 b5 5. Bb3 Nf6 6. O-O Bc5 7. Bd5 Nxd5 8.
exd5 Ne7 9. Nxe5 Nxd5 10. Qf3 Nf6 11. Qxa8 c6 12. Nxc6 Qc7 13. Re1+ Kf8 14. d4
Bd6 15. Na7 1-0

[Event "IV Trofeo Giovanni Pico"]
[Site "Mirandola ITA"]
[Date "2011.01.15"]
[Round "3"]
[White "Vitiello, Luigi"]
[Black "Malago', Federico"]
[Result "0-1"]
[WhiteElo "1850"]
[BlackElo "1960"]
[PlyCount "58"]
[EventDate "2011.01.14"]

1. d4 e6 2. c4 d5 3. e3 Nf6 4. Nc3 c6 5. a3 Bd6 6. Nf3 O-O 7. cxd5 exd5 8. h3
Nbd7 9. Bd3 Re8 10. O-O Nf8 11. Qc2 h6 12. b4 Be6 13. Bb2 Qd7 14. Rfe1 Bxh3 15.
gxh3 Qxh3 16. Ne5 Bxe5 17. dxe5 Rxe5 18. f4 Rxe3 19. Rxe3 Qxe3+ 20. Kg2 Nh5 21.
Ne2 Ne6 22. Qc3 Qxd3 23. Qe5 Qxe2+ 24. Qxe2 Nhxf4+ 25. Kf2 Nxe2 26. Kxe2 f6 27.
Rg1 Kf7 28. Kf3 a5 29. Kg4 axb4 0-1

[Event "IV Trofeo Giovanni Pico"]
[Site "Mirandola ITA"]
[Date "2011.01.15"]
[Round "3"]
[White "Baroni, Alessandro"]
[Black "Santamato, Luigi"]
[Result "1-0"]
[WhiteElo "1847"]
[BlackElo "1651"]
[PlyCount "87"]
[EventDate "2011.01.14"]

1. e4 c6 2. d4 d5 3. Nc3 dxe4 4. Nxe4 Bf5 5. Ng3 Bg6 6. h4 h6 7. Nf3 Nd7 8. Bd3
Bxd3 9. Qxd3 Ngf6 10. Bd2 e6 11. c3 Qc7 12. O-O-O O-O-O 13. Ne4 Nxe4 14. Qxe4
Nf6 15. Qe2 c5 16. Kb1 Kb8 17. g3 Bd6 18. dxc5 Qxc5 19. Be3 Qf5+ 20. Ka1 Qh5
21. Rxd6 Rxd6 22. Bf4 Rhd8 23. Rd1 Nd5 24. Bxd6+ Rxd6 25. c4 Nc3 26. bxc3 Rxd1+
27. Qxd1 Kc7 28. Qe2 Qg4 29. Kb2 Kb8 30. Qe5+ Ka8 31. Nd4 Qd1 32. Nc2 Qg4 33.
Qc7 a6 34. c5 Qa4 35. Nb4 Qd1 36. c6 Qd2+ 37. Nc2 bxc6 38. Qxc6+ Ka7 39. Qc7+
Ka8 40. Qxf7 Qd5 41. Qe8+ Ka7 42. Qe7+ Ka8 43. Qb4 Qd2 44. Qe4+ 1-0

[Event "IV Trofeo Giovanni Pico"]
[Site "Mirandola ITA"]
[Date "2011.01.15"]
[Round "3"]
[White "Ferraguti, Francesco"]
[Black "Bartiromo, Gerardo"]
[Result "1-0"]
[WhiteElo "1781"]
[BlackElo "1634"]
[PlyCount "69"]
[EventDate "2011.01.14"]

1. f4 Nf6 2. b3 d6 3. Bb2 c5 4. Nf3 Nbd7 5. g3 e6 6. Bg2 Be7 7. O-O O-O 8. d3
Ng4 9. Qd2 f5 10. h3 Nh6 11. e4 Bf6 12. Bxf6 Qxf6 13. Nc3 a6 14. a4 Rb8 15. a5
b5 16. axb6 Nxb6 17. e5 Qd8 18. exd6 Qxd6 19. Rfe1 Nd5 20. Nxd5 exd5 21. d4
cxd4 22. Qxd4 Qb6 23. Qxb6 Rxb6 24. Ne5 Nf7 25. Nxf7 Kxf7 26. Bxd5+ Be6 27.
Rxe6 Rxe6 28. Rxa6 Rfe8 29. Rxe6 Rxe6 30. Kf2 Ke7 31. Bxe6 Kxe6 32. Ke3 Kd5 33.
Kd3 h6 34. b4 g5 35. c4+ 1-0

[Event "IV Trofeo Giovanni Pico"]
[Site "Mirandola ITA"]
[Date "2011.01.15"]
[Round "3"]
[White "Ombasic, Dzemil"]
[Black "Bertolazzi, Andrea"]
[Result "1/2-1/2"]
[WhiteElo "1730"]
[BlackElo "1604"]
[PlyCount "39"]
[EventDate "2011.01.14"]

1. e4 d5 2. exd5 Qxd5 3. Nc3 Qa5 4. d4 Nf6 5. Bd2 c6 6. Bc4 Bf5 7. Nf3 e6 8.
O-O Nbd7 9. d5 cxd5 10. Nxd5 Qc5 11. Ne3 Bg6 12. b4 Qb6 13. Re1 Be7 14. Nf1 O-O
15. Nh4 Bh5 16. Be2 Bxe2 17. Rxe2 Nd5 18. c4 Nxb4 19. Bxb4 Qxb4 20. Qxd7
1/2-1/2

[Event "IV Trofeo Giovanni Pico"]
[Site "Mirandola ITA"]
[Date "2011.01.15"]
[Round "3"]
[White "Di Trapani, Luigi"]
[Black "Zuccaro, Guido"]
[Result "0-1"]
[WhiteElo "1606"]
[BlackElo "1728"]
[PlyCount "102"]
[EventDate "2011.01.14"]

1. d4 d5 2. c4 c6 3. Nc3 Nf6 4. Nf3 dxc4 5. e4 b5 6. a4 b4 7. Nb1 Nxe4 8. Bxc4
e6 9. Nbd2 Nf6 10. a5 Bd6 11. Qc2 O-O 12. Ne4 Be7 13. O-O Qc7 14. Bg5 Nbd7 15.
Ne5 Nxe5 16. Nxf6+ Bxf6 17. Bxf6 Ng4 18. Be5 Nxe5 19. dxe5 Qxe5 20. Bd3 h6 21.
Qxc6 Rb8 22. Qe4 Qxe4 23. Bxe4 Bb7 24. Rfe1 Bxe4 25. Rxe4 Rb5 26. g3 Rd8 27.
Ra4 b3 28. Reb4 Rdb8 29. Rc4 Rd8 30. Rcb4 Rdd5 31. a6 Kf8 32. Rc4 Rdc5 33. Rxc5
Rxc5 34. Rb4 Ra5 35. Rb8+ Ke7 36. Rb7+ Kf6 37. Rxa7 Ra2 38. Rb7 Rxb2 39. a7 Ra2
40. Rxb3 Rxa7 41. Rb5 Rd7 42. Kf1 Rd5 43. Rb7 g5 44. Ke2 Kg6 45. Rb6 h5 46. Rb4
f5 47. Ke3 g4 48. f3 Re5+ 49. Kf4 Re2 50. fxg4 hxg4 51. h4 e5# 0-1

[Event "IV Trofeo Giovanni Pico"]
[Site "Mirandola ITA"]
[Date "2011.01.15"]
[Round "3"]
[White "Rovatti, Guido"]
[Black "Necesito, Donald"]
[Result "0-1"]
[WhiteElo "1686"]
[BlackElo "1437"]
[PlyCount "66"]
[EventDate "2011.01.14"]

1. d4 Nf6 2. Bf4 g6 3. Nf3 Bg7 4. e3 d6 5. Bc4 O-O 6. Nc3 c6 7. Ne2 d5 8. Bd3
Nbd7 9. c4 dxc4 10. Bxc4 Nb6 11. Bb3 Nfd5 12. Be5 Nd7 13. Bxg7 Kxg7 14. Ng3
N7f6 15. h3 Qd6 16. Ne5 Qb4+ 17. Qd2 Qxd2+ 18. Kxd2 h6 19. f3 Be6 20. Nd3 Rad8
21. Nc5 Bc8 22. Ke2 b6 23. Nce4 Ba6+ 24. Kd2 h5 25. Ne2 Nxe4+ 26. fxe4 Nf6 27.
Bc2 e5 28. Bd3 Bb7 29. Kc2 exd4 30. exd4 Rfe8 31. e5 Nd5 32. Be4 c5 33. dxc5
Ne3+ 0-1

[Event "IV Trofeo Giovanni Pico"]
[Site "Mirandola ITA"]
[Date "2011.01.16"]
[Round "4"]
[White "Xia, Jie"]
[Black "Malfagia, Andrea"]
[Result "1-0"]
[WhiteElo "2198"]
[BlackElo "2286"]
[PlyCount "129"]
[EventDate "2011.01.14"]

1. d4 Nf6 2. Nf3 e6 3. Bg5 h6 4. Bxf6 Qxf6 5. e4 d6 6. Nc3 Nd7 7. Qe2 a6 8.
O-O-O Qd8 9. h4 Be7 10. g4 c6 11. Kb1 b5 12. d5 b4 13. dxe6 bxc3 14. exd7+ Bxd7
15. e5 Qb6 16. b3 d5 17. Nd4 Qb4 18. Qd3 c5 19. e6 fxe6 20. Qg6+ Kd8 21. Nxe6+
Bxe6 22. Qxe6 d4 23. Rh3 Rf8 24. Re3 Ra7 25. Bxa6 Rd7 26. Qc6 Qb8 27. Re6 Rd6
28. Rxd6+ Bxd6 29. Re1 Qc7 30. Qe4 Qa7 31. Qc6 Qc7 32. Qd5 Re8 33. Qa8+ Qb8 34.
Qxb8+ Bxb8 35. Rxe8+ Kxe8 36. Kc1 Ke7 37. Kd1 Kf6 38. Ke2 Ke5 39. h5 Bc7 40. f3
Bd8 41. Kd3 Bg5 42. Bb7 Kd6 43. Be4 Kc7 44. Kc4 Kb6 45. a3 Be3 46. Kd5 Bc1 47.
Ke6 Bxa3 48. Kf7 c4 49. bxc4 Kc5 50. Kxg7 Bc1 51. Kf6 Kxc4 52. Kf5 Kc5 53. f4
Kd6 54. g5 Ke7 55. Kg6 Bxf4 56. Kxh6 Kf7 57. Bd5+ Kf8 58. Bc4 Be3 59. Kg6 d3
60. Bxd3 Kg8 61. Bc4+ Kh8 62. h6 Bd2 63. Kh5 Be3 64. Bd3 Bd4 65. g6 1-0

[Event "IV Trofeo Giovanni Pico"]
[Site "Mirandola ITA"]
[Date "2011.01.16"]
[Round "4"]
[White "Drei, Andrea"]
[Black "Guanciale, Orazio"]
[Result "1-0"]
[WhiteElo "2266"]
[BlackElo "2193"]
[PlyCount "63"]
[EventDate "2011.01.14"]

1. e4 e6 2. b3 d5 3. Bb2 d4 4. f4 c5 5. Nf3 Nf6 6. Bd3 Qc7 7. g3 Nc6 8. e5 Nd5
9. c3 Bd7 10. a3 Be7 11. Qc2 g5 12. cxd4 gxf4 13. dxc5 O-O-O 14. Nc3 Ndb4 15.
axb4 Nxb4 16. Qb1 Bc6 17. Be4 f5 18. exf6 Bxc5 19. d4 Rxd4 20. Nxd4 Bxd4 21.
Nb5 Bxb5 22. Bxd4 Rd8 23. Qb2 Rxd4 24. Qxd4 Nc2+ 25. Bxc2 Qxc2 26. Qe5 Qc6 27.
Rf1 Bxf1 28. Kxf1 Qh1+ 29. Ke2 Qxh2+ 30. Kd3 Qxg3+ 31. Kc4 b5+ 32. Kb4 1-0

[Event "IV Trofeo Giovanni Pico"]
[Site "Mirandola ITA"]
[Date "2011.01.16"]
[Round "4"]
[White "Basso, Pier Luigi"]
[Black "Chiaretti, Roberto"]
[Result "1/2-1/2"]
[WhiteElo "1981"]
[BlackElo "2205"]
[PlyCount "37"]
[EventDate "2011.01.14"]

1. e4 e5 2. Nf3 Nc6 3. d4 exd4 4. Bc4 Nf6 5. O-O Nxe4 6. Re1 d5 7. Bxd5 Qxd5 8.
Nc3 Qa5 9. Nxe4 Be6 10. Neg5 O-O-O 11. Nxe6 fxe6 12. Rxe6 h6 13. Qe2 Bd6 14.
Qc4 Qh5 15. Bd2 g5 16. Re4 Rhf8 17. h3 Qf7 18. Qxf7 Rxf7 19. a3 1/2-1/2

[Event "IV Trofeo Giovanni Pico"]
[Site "Mirandola ITA"]
[Date "2011.01.16"]
[Round "4"]
[White "Cullen, Anthony P."]
[Black "Caldonazzo, Matteo"]
[Result "0-1"]
[WhiteElo "2128"]
[BlackElo "1914"]
[PlyCount "58"]
[EventDate "2011.01.14"]

1. e4 e6 2. d4 d5 3. Nd2 dxe4 4. Nxe4 Be7 5. Nf3 Nf6 6. Bd3 O-O 7. O-O Nbd7 8.
Qe2 c5 9. dxc5 Nxc5 10. Nxc5 Bxc5 11. Bg5 Be7 12. Rad1 Qc7 13. c4 Bd7 14. Ne5
Rad8 15. f4 Rfe8 16. Kh1 g6 17. Qf2 Bc6 18. Qh4 Nh5 19. Ng4 Rd7 20. Be2 Kg7 21.
Bxe7 Rexe7 22. Rxd7 Rxd7 23. Ne5 Rd2 24. Bxh5 Bxg2+ 25. Kg1 Bxf1 26. Kxf1 f6
27. Qe1 Qd6 28. c5 Qd4 29. Nf3 Qd3+ 0-1

[Event "IV Trofeo Giovanni Pico"]
[Site "Mirandola ITA"]
[Date "2011.01.16"]
[Round "4"]
[White "Franco, Alessandro P."]
[Black "Camerini, Lorenzo"]
[Result "0-1"]
[WhiteElo "1925"]
[BlackElo "2111"]
[PlyCount "78"]
[EventDate "2011.01.14"]

1. e4 g6 2. d4 Bg7 3. f4 d6 4. Nc3 a6 5. Nf3 b5 6. Bd3 Nd7 7. Be3 c5 8. O-O Bb7
9. f5 cxd4 10. Bxd4 Bxd4+ 11. Nxd4 Ngf6 12. Kh1 O-O 13. Qd2 Qb6 14. Nf3 Kg7 15.
Rae1 Qc5 16. a4 b4 17. Nd1 Qa5 18. b3 Rac8 19. Qf4 Ne5 20. Nxe5 Qxe5 21. Qxe5
dxe5 22. Nb2 Rfd8 23. Nc4 Rd4 24. Nxe5 Bxe4 25. fxg6 fxg6 26. Bxe4 Rxe4 27.
Rxe4 Nxe4 28. Rf7+ Kg8 29. Rxe7 Rxc2 30. h3 Nc5 31. Re8+ Kg7 32. Ra8 Rc3 33.
Nc6 Rxb3 34. Rb8 Rb1+ 35. Kh2 b3 36. a5 b2 37. Ne5 Re1 38. Rxb2 Rxe5 39. Rb6
Re6 0-1

[Event "IV Trofeo Giovanni Pico"]
[Site "Mirandola ITA"]
[Date "2011.01.16"]
[Round "4"]
[White "Guglielmi, Dante"]
[Black "Vincenzi, Marco"]
[Result "0-1"]
[WhiteElo "1911"]
[BlackElo "2091"]
[PlyCount "96"]
[EventDate "2011.01.14"]

1. c4 Nf6 2. Nc3 c5 3. g3 d5 4. cxd5 Nxd5 5. Bg2 Nc7 6. Nf3 Nc6 7. O-O e5 8. d3
Be7 9. Bd2 O-O 10. Rc1 f5 11. h4 Kh8 12. Bg5 Be6 13. b3 Bf6 14. Na4 b6 15. Bxf6
Qxf6 16. Ng5 Bd5 17. e4 fxe4 18. Bxe4 Bxe4 19. dxe4 Nd4 20. f4 Nce6 21. Qh5
Nxg5 22. hxg5 Qg6 23. Qxg6 hxg6 24. Nc3 Kg8 25. Kg2 Rf7 26. Rf2 Re8 27. Rcf1 b5
28. f5 gxf5 29. exf5 e4 30. Nd5 e3 31. Rb2 Rxf5 32. Rxf5 Nxf5 33. Nf4 Nd4 34.
Ne2 Kh7 35. Kh3 Kg6 36. Kg4 Re4+ 37. Nf4+ Rxf4+ 38. gxf4 e2 39. f5+ Kf7 40. Rb1
Nc2 41. Kf4 e1=Q 42. Rxe1 Nxe1 43. Ke5 Nf3+ 44. Kd5 Nxg5 45. Kxc5 Ne4+ 46. Kxb5
Nc3+ 47. Ka6 Nxa2 48. Kxa7 Kf6 0-1

[Event "IV Trofeo Giovanni Pico"]
[Site "Mirandola ITA"]
[Date "2011.01.16"]
[Round "4"]
[White "Campini, Marco"]
[Black "Sasdelli, Massimo"]
[Result "1/2-1/2"]
[WhiteElo "2086"]
[BlackElo "1897"]
[PlyCount "58"]
[EventDate "2011.01.14"]

1. e4 e5 2. Nc3 Bc5 3. Nf3 Nc6 4. Bc4 Nf6 5. d3 d6 6. Bg5 h6 7. Be3 Bb6 8. Qd2
Bg4 9. Bxb6 axb6 10. Qe3 Na5 11. Nd2 Nxc4 12. dxc4 O-O 13. h3 Be6 14. g4 Nd7
15. b3 Nc5 16. Nf3 Bd7 17. Rg1 Ne6 18. g5 hxg5 19. Nxg5 Nxg5 20. Rxg5 f5 21.
Qg3 Rf7 22. Kd2 fxe4 23. Rg1 Qf6 24. Nxe4 Qh6 25. h4 Bf5 26. Nc3 Raf8 27. Rg2
Bd7 28. Ne4 Bf5 29. Nc3 Bd7 1/2-1/2

[Event "IV Trofeo Giovanni Pico"]
[Site "Mirandola ITA"]
[Date "2011.01.16"]
[Round "4"]
[White "La Venia, Stefano"]
[Black "Dionigi, Riccardo"]
[Result "1/2-1/2"]
[WhiteElo "2041"]
[BlackElo "1818"]
[PlyCount "72"]
[EventDate "2011.01.14"]

1. e4 e5 2. Bc4 Nf6 3. Nc3 Bc5 4. Nf3 Nc6 5. d3 d6 6. h3 Be6 7. Nd5 Bxd5 8.
exd5 Nd4 9. c3 Nxf3+ 10. Qxf3 O-O 11. Bg5 Qe7 12. O-O-O Rfb8 13. d4 exd4 14.
cxd4 Bb4 15. Bd3 c6 16. Qf5 h6 17. h4 Qd7 18. Bxf6 Qxf5 19. Bxf5 gxf6 20. a3
Ba5 21. b4 Bc7 22. Be4 cxd5 23. Bxd5 Bb6 24. Kb2 Re8 25. Bxb7 Re2+ 26. Kc3 Rb8
27. Bd5 Rc8+ 28. Kd3 Rxf2 29. b5 Rcc2 30. Rhf1 Ba5 31. Rxf2 Rxf2 32. Ke3 Rb2
33. Rf1 Kg7 34. Bc6 Rb3+ 35. Ke4 Rxa3 36. Kd5 Rd3 1/2-1/2

[Event "IV Trofeo Giovanni Pico"]
[Site "Mirandola ITA"]
[Date "2011.01.16"]
[Round "4"]
[White "Pinna, Ferdinando"]
[Black "Di Trapani, Davide"]
[Result "0-1"]
[WhiteElo "1889"]
[BlackElo "1994"]
[PlyCount "58"]
[EventDate "2011.01.14"]

1. e4 e5 2. Nf3 Nc6 3. Bb5 a6 4. Ba4 Nf6 5. O-O b5 6. Bb3 Bc5 7. c3 d6 8. d4
Bb6 9. Bg5 Bg4 10. Bd5 Qd7 11. Bxc6 Qxc6 12. Bxf6 gxf6 13. dxe5 Bxf3 14. Qxf3
fxe5 15. Qf5 Qd7 16. Qxd7+ Kxd7 17. Nd2 Rhg8 18. g3 h5 19. Kg2 f5 20. exf5 Raf8
21. Rae1 Rxf5 22. Re2 Rgf8 23. b4 d5 24. f3 Kd6 25. Rfe1 a5 26. a3 c5 27. g4
hxg4 28. fxg4 Rf4 29. Rxe5 Rf2+ 0-1

[Event "IV Trofeo Giovanni Pico"]
[Site "Mirandola ITA"]
[Date "2011.01.16"]
[Round "4"]
[White "Jordan, Chris"]
[Black "Cocuzzi, Edoardo"]
[Result "0-1"]
[WhiteElo "1679"]
[BlackElo "1967"]
[PlyCount "57"]
[EventDate "2011.01.14"]

1. d3 e5 2. e4 Bc5 3. Be3 Bxe3 4. fxe3 Nc6 5. Nf3 d6 6. Nc3 Bg4 7. Be2 Bxf3 8.
Bxf3 Qh4+ 9. g3 Qg5 10. Nd5 O-O-O 11. Qd2 Nge7 12. c4 Rhf8 13. b4 f5 14. O-O h5
15. b5 Nxd5 16. exd5 Ne7 17. Rf2 h4 18. Rg2 h3 19. Re2 Ng6 20. Kh1 Qf6 21. Rf1
Ne7 22. a4 g5 23. a5 Qh6 24. Kg1 f4 25. Bg4+ Kb8 26. exf4 gxf4 27. b6 Qg7 28.
bxc7+ Kxc7 29. c5 0-1

[Event "IV Trofeo Giovanni Pico"]
[Site "Mirandola ITA"]
[Date "2011.01.16"]
[Round "4"]
[White "Molinari, Enzo"]
[Black "Modena, Giorgio"]
[Result "1/2-1/2"]
[WhiteElo "1491"]
[BlackElo "1938"]
[PlyCount "73"]
[EventDate "2011.01.14"]

1. d4 d5 2. Nf3 Nf6 3. c4 c6 4. cxd5 cxd5 5. Nc3 Nc6 6. Bg5 Ne4 7. e3 Bg4 8.
Bf4 Qa5 9. Qb3 Qb4 10. Be2 Qxb3 11. axb3 e6 12. O-O Bxf3 13. gxf3 Nd6 14. Nb5
Kd7 15. Rfc1 Be7 16. e4 a6 17. exd5 exd5 18. Nxd6 Bxd6 19. Be3 Rhe8 20. Bf1 f5
21. Bh3 g6 22. Bg2 Bc7 23. f4 Kd6 24. Rc5 Ne7 25. Rac1 Bb6 26. R5c2 Rac8 27.
Kf1 Rxc2 28. Rxc2 Nc6 29. Bf3 Re7 30. Rd2 Rc7 31. h4 Na5 32. Bd1 Nc6 33. h5 Nd8
34. hxg6 hxg6 35. Ke2 Ne6 36. Kd3 g5 37. fxg5 1/2-1/2

[Event "IV Trofeo Giovanni Pico"]
[Site "Mirandola ITA"]
[Date "2011.01.16"]
[Round "4"]
[White "Guaragno, Michele"]
[Black "Coqueraut, Jean Dominique"]
[Result "1-0"]
[WhiteElo "1965"]
[BlackElo "1815"]
[PlyCount "71"]
[EventDate "2011.01.14"]

1. e4 d6 2. d4 e5 3. Bc4 exd4 4. Qxd4 Nc6 5. Qd1 Nf6 6. Nc3 Be7 7. Nge2 Ne5 8.
Bb3 O-O 9. O-O c6 10. f4 Qb6+ 11. Qd4 Ned7 12. h3 c5 13. Qe3 h6 14. e5 Nh7 15.
e6 fxe6 16. Qxe6+ Kh8 17. Qxe7 Ndf6 18. Qe3 Bf5 19. Qf3 Rae8 20. Be3 Qa6 21.
Ng3 Bd7 22. Rae1 b5 23. a4 b4 24. Nb5 Bxb5 25. axb5 Qxb5 26. Qe2 Qc6 27. Qc4 a5
28. Bf2 Rxe1 29. Rxe1 a4 30. Ba2 Nd7 31. Re7 Nb6 32. Qe6 c4 33. Bd4 Nf6 34. Nf5
Nbd5 35. Rxg7 b3 36. Rg6 1-0